Tidy's physiotherapy. (Record no. 1769)

000 -LEADER
fixed length control field 01439cam a2200397 a 4500
003 - CONTROL NUMBER IDENTIFIER
control field OSt
005 - DATE AND TIME OF LATEST TRANSACTION
control field 20210630065708.0
008 - FIXED-LENGTH DATA ELEMENTS--GENERAL INFORMATION
fixed length control field 900104s1991 enka b 001 0 eng c
020 ## - INTERNATIONAL STANDARD BOOK NUMBER
International Standard Book Number 0750613467 :
040 ## - CATALOGING SOURCE
Transcribing agency DLC
050 00 - LIBRARY OF CONGRESS CALL NUMBER
Classification number RM721
Item number .T455 1991
060 #0 - NATIONAL LIBRARY OF MEDICINE CALL NUMBER
Classification number WB 535 T482t
100 1# - MAIN ENTRY--PERSONAL NAME
Personal name Thomson, A. M.
245 10 - TITLE STATEMENT
Title Tidy's physiotherapy.
250 ## - EDITION STATEMENT
Edition statement 12th ed. /
Remainder of edition statement Ann Thomson, Alison Skinner, Joan Piercy.
260 ## - PUBLICATION, DISTRIBUTION, ETC.
Place of publication, distribution, etc. Oxford [England] ;
-- Boston :
Name of publisher, distributor, etc. Butterworth-Heinemann,
Date of publication, distribution, etc. 1991.
300 ## - PHYSICAL DESCRIPTION
Extent ix, 501 p. :
Other physical details ill. ;
Dimensions 25 cm.
500 ## - GENERAL NOTE
General note Rev. ed. of: Tidy's massage and remedial exercises in medical and surgical conditions / edited and rev. by J.O. Wale. 11th ed. 1968.
500 ## - GENERAL NOTE
General note "Butterworth-Heinemann international edition"--T.p. verso.
504 ## - BIBLIOGRAPHY, ETC. NOTE
Bibliography, etc. note Includes bibliographical references (p. 483-487) and index.
650 #0 - SUBJECT ADDED ENTRY--TOPICAL TERM
Topical term or geographic name entry element Massage therapy.
650 #0 - SUBJECT ADDED ENTRY--TOPICAL TERM
Topical term or geographic name entry element Exercise therapy.
650 #0 - SUBJECT ADDED ENTRY--TOPICAL TERM
Topical term or geographic name entry element Surgical diseases.
650 #2 - SUBJECT ADDED ENTRY--TOPICAL TERM
Topical term or geographic name entry element Exercise Therapy.
650 #2 - SUBJECT ADDED ENTRY--TOPICAL TERM
Topical term or geographic name entry element Massage.
700 1# - ADDED ENTRY--PERSONAL NAME
Personal name Skinner, A. T.
Fuller form of name (Alison T.)
700 1# - ADDED ENTRY--PERSONAL NAME
Personal name Piercy, Joan.
700 1# - ADDED ENTRY--PERSONAL NAME
Personal name Tidy, Noël M.
Fuller form of name (Noël Margaret).
Title of a work Massage and remedial exercises in medical and surgical conditions.
906 ## - LOCAL DATA ELEMENT F, LDF (RLIN)
a 7
b cbc
c orignew
d 1
e ocip
f 19
g y-gencatlg
942 ## - ADDED ENTRY ELEMENTS (KOHA)
Source of classification or shelving scheme
Koha item type Book
Suppress in OPAC SO
Holdings
Withdrawn status Lost status Source of classification or shelving scheme Damaged status Not for loan Permanent Location Current Location Shelving location Date acquired Total Checkouts Total Renewals Full call number Barcode Date last seen Date last checked out Price effective from Koha item type Public note
          AU LIBRARY AU LIBRARY Open Shelf 30.06.2021 13 4 RM721 .T455 1991 28001384 02.04.2024 18.03.2024 30.06.2021 Book SO

Powered by Koha